1917 1772 1335 1532 1822 1463 1926 1298 1897 1829 1535 1489 1719 1752 1615 1838 1905 1995 1239 1761 1924 1054 1262 1102 1023 1712 1279 1949 1902 1275 1003 1047 1722 1146 1568 1021 1132 1339 1428 1554 1372 1009 1466 1649 1659 1885 1037 1570 1974 1721 1624 1032 1819 1151 1814 1699 1971 1837 1667 1804 1410 1988 1621 1206 1274 1135 1670 1655 1540 1736 1511 1540 1142 1918 1863 1134 1410 1720 1680 1625 1854 1852 1929 1012 1311 1823 1182 1303 1740 1133 1943 1876 1390 1383 1523 1022 1768 1901 1380 BCNSPRNW ULIB Ver.6.0+V

เปลี่ยนเป็นภาษาไทย

Change to English
 แสดงรายละเอียดบรรณานุกรม
  กลับหน้าหลัก

Brief Record : Get Marc (ISO 2709) : E-mail record : QR code < ปิดหน้าต่าง
LEADER : 00000nam a2200000Ia 4500
001    13399119964
003     ULIB
008    111221s2554 th a 000 0 tha d
020    ^a9789741115426
060 04 ^aWY152^bศ371
245 00 ^aศาสตร์และศิลป์การพยาบาลผู้สูงอายุ /^cวิไลวรรณ ทองเจริญ, บรรณาธิการ
250    ^aพิมพ์ครั้งที่ 1
260    ^aกรุงเทพฯ :^bโครงการตำราคณะพยาบาลศาสตร์ มหาวิทยาลัยมหิดล, ^c2554
300    ^a(10), 366 หน้า :^bภาพประกอบ ;^c26 ซม.
650  4 ^aผู้สูงอายุ^xการพยาบาล
650  7 ^a การพยาบาลผู้สูงอายุ
700 0  ^aวิไลวรรณ ทองเจริญ,^eบรรณาธิการ
710 2  ^aมหาวิทยาลัยมหิดล. ^bคณะพยาบาลศาสตร์
945    ^p350^l0^i19216
945    ^p350^l0^i19217
945    ^p350^l0^i19218
945    ^p350^l0^i19582
945    ^p350^l0^i19583
995    ^aเกษร
999    ^aใช้งานได้ทุกระบบ
รายการนี้ยังไม่มีแท็ก
คุณยังไม่ได้ล็อกอิน คุณสามารถมีกิจกรรมร่วมกับเว็บไซต์ได้ แต่ต้องล็อกอินก่อน ::
  ล็อกอิน

รายการสื่อสารสนเทศ

ลำดับที่ ประเภท เลขเรียก/บาร์โค้ด สถานที่ สถานะ
1. Book การพยาบาล
Book การพยาบาล
สถานะ=หนังสือเก่า
WY152 ศ371 ฉ.1 
  Barcode: 19216
ห้องสมุดวิทยาเขตนครสวรรค์
►ส่วนจัดเก็บหนังสือเก่า นว.
บนชั้น
  ขอยืม
2. Book การพยาบาล
Book การพยาบาล
สถานะ=หนังสือเก่า
WY152 ศ371 ฉ.2 
  Barcode: 19217
ห้องสมุดวิทยาเขตนครสวรรค์
►ส่วนจัดเก็บหนังสือเก่า นว.
บนชั้น
  ขอยืม
3. Book การพยาบาล
Book การพยาบาล
สถานะ=หนังสือเก่า
WY152 ศ371 ฉ.3 
  Barcode: 19218
ห้องสมุดวิทยาเขตนครสวรรค์
►ส่วนจัดเก็บหนังสือเก่า นว.
บนชั้น
  ขอยืม
4. Book การพยาบาล
Book การพยาบาล
สถานะ=หนังสือเก่า
WY152 ศ371 ฉ.4 
  Barcode: 19582
ห้องสมุดวิทยาเขตนครสวรรค์
►ส่วนจัดเก็บหนังสือเก่า นว.
บนชั้น
  ขอยืม
5. Book การพยาบาล
Book การพยาบาล
สถานะ=หนังสือเก่า
WY152 ศ371 ฉ.5 
  Barcode: 19583
ห้องสมุดวิทยาเขตนครสวรรค์
►ส่วนจัดเก็บหนังสือเก่า นว.
บนชั้น
  ขอยืม

รายการใกล้เคียง
    หัวเรื่อง [การพยาบาลผู้สูงอายุ]

BibComment


ยังไม่เคยถูกคอมเมนท์

คอมเมนท์ทรัพยากรรายการนี้
  คอมเมนท์: ศาสตร์และศิลป์กา..


 Copyright 2026. Bcnsprnw @Library